000 00486nam a2200157 i 4500
001 72501
003 ES-MaACL
005 20230906171443.0
007 t|
008 040901s1920 fr ||||1| fre d
100 1 _aGillet, Josep E.
_956969
245 1 4 _aUne édition incomme de la "propalladia" de Bartolomé de Zones Naharro /
_cJoseph E. Gillet.
260 _a[S.l. :
_bs.n.,
_c1920]
500 _aReprinted from The Romanic Reviu, v. XI, 1920, Nº 1.
852 _aES-MaACL
_j1597-F-5
999 _c72501
_d72501